| 000 | 00000nas 2200000za 4500 |
| 001 | 9.862431 |
| 003 | CaOODSP |
| 005 | 20241203113644 |
| 007 | cr ||||||||||| |
| 008 | 180926d19871987oncux m o f0###|0eng|d |
| 040 | |aCaOODSP|beng |
| 041 | |aeng|bfre |
| 043 | |an-cn--- |
| 086 | 1 |aEn36-508E-PDF |
| 130 | 0 |aReport series (Canada. Inland Waters and Lands Directorate) |
| 245 | 00|aReport series - Inland Waters and Lands Directorate |h[electronic resource]. |
| 260 | |aBurlington, Ont. : |bInland Waters/Lands Directorate, |c1987. |
| 362 | 0 |aNo. 75 (1987). |
| 500 | |aIssued also in French under title: Série des rapports généraux - Direction générale des eaux intérieures et des terres. |
| 546 | |aAbstracts in English and French. |
| 692 | 07|2gccst|aHydrology |
| 710 | 1 |aCanada. |bEnvironment Canada. |
| 710 | 1 |aCanada. |bInland Waters and Lands Directorate. |
| 775 | 08|tSérie des rapports généraux - Direction générale des eaux intérieures et des terres |w(CaOODSP)9.862433 |
| 780 | 00|tReport series - Inland Waters Directorate |w(CaOODSP)9.862410 |
| 785 | 00|tReport series - Inland Waters Directorate : 1988 |w(CaOODSP)9.862434 |